01877nam a2200433Ia 450000500170000000700030001700800410002002000180006104000350007908200200011410000370013424501350017125000220030626400410032830000670036933600270043633700330046333800280049650000320052452100420055654500680059865000250066665000280069165000300071965000330074965000330078265000430081565000310085865000470088970000440093670000380098070000330101870000470105170000530109894200120115199900150116395201340117895201310131220220317000346.0ta210811s20012014sp ao ser d s dspa d a9783836541121 aCO-BoRNBPbspaerdacCO-BoRNBP04a709.04bA772221 aRuhrberg, Karld1924-2006eautor10aArte del siglo XX cKarl Ruhrberg... [y otros tres] ; edición de Ingo F. Walther ; traducción del inglés Ramon Monton i Lara aPrimera edición 1aBarcelonabTaschenc2001c2013c2014 a840 páginasbilustraciones, láminas y fotografíasc28 cm atextobtxt2rdacontent asin mediaciónbn2rdamedia avolumenbnc2rdacarrier aIncluye índice de nombres aRecomendado para un público adulto  aIncluye datos biográficos de los artistas al final del texto 14aArteySiglo XX2LEMB14aPinturaySiglo XX2LEMB14aEsculturaySiglo XX2LEMB14aFotografíaySiglo XX2LEMB14aArte modernoySiglo XX2LEMB14aPintoresySiglo XXvBiografías2LEMB14aEscultoresySiglo XX2LEMB14aFotógrafosySiglo XXvBiografías2LEMB1 aSchneckenburger, Manfredeautor91800731 aFricke, Christianeeautor91800741 aHonnef, Klauseautor91800751 aWalter, Ingo F.d1940-2007eeditor91800761 aMonton i Lara, Ramónd1959-etraductor9180077 2ddccBK c3829d3829 00102ddc40708GENaMECASARIbMECASARIcGENd2024-11-10l0o709.04 R83apBM0001524r2024-11-10 09:42:35tEj.1w2024-11-10yBK 00102ddc40708GENaMEMAPJGAbMEMAPJGAcGENd2025-11-12l0o709.04 A77pMPJG00996r2025-11-12 15:47:54tEj.1w2025-11-12yBK